Holčička, která neuměla nenávidět /
Skutečný příběh ženy, která přežila osvětimské peklo jako tříleté děvčátko.
Uloženo v:
| Hlavní autor: | |
|---|---|
| Další autoři: | , |
| Médium: | Kniha |
| Jazyk: | Czech |
| Vydáno: |
Praha :
Dobrovský s.r.o.,
2024
|
| Edice: | Kontrast
|
| Témata: | |
| Celkem bylo vypůjčeno: | 0x |
| Tagy: |
Žádné tagy |
| LEADER | 03709nam a2200697 i 4500 | ||
|---|---|---|---|
| 001 | 106677 | ||
| 003 | CZ PrNK | ||
| 005 | 20260630143758.0 | ||
| 007 | ta | ||
| 008 | 241219s2024 xr g 000 jacze | ||
| 015 | |a cnb003662952 | ||
| 020 | |a 9788027722723 |q (vázáno) : |c Kč 349,00 | ||
| 040 | |a ABG001 |b cze |e rda | ||
| 041 | 1 | |a cze |h ita | |
| 072 | 7 | |a 821.131.1-3 |x Italská próza |2 Konspekt |9 25 | |
| 072 | 7 | |a 929 |x Biografie |2 Konspekt |9 8 | |
| 080 | |a 821.131.1-32 |2 MRF | ||
| 080 | |a 355.01-053.2 |2 MRF | ||
| 080 | |a 343.819.5 |2 MRF | ||
| 080 | |a 323.12"1939/1945" |2 MRF | ||
| 080 | |a 323.12"1939/1945"-053.15 |2 MRF | ||
| 080 | |a 159.923.2:17.024.3 |2 MRF | ||
| 080 | |a 929 |2 MRF | ||
| 080 | |a (438) |2 MRF | ||
| 080 | |a (0:82-322.6) |2 MRF | ||
| 100 | 1 | |a Skibicka-Maksymowicz, Lidia, |d 1939- |7 xx0327397 |4 aut |9 117531 | |
| 240 | 1 | 0 | |a Bambina che non sapeva odiare. |l Česky |
| 245 | 1 | 0 | |a Holčička, která neuměla nenávidět / |c Lidia Maksymowicz, Paolo Rodari ; přeložila Veronika Matiášková |
| 264 | 1 | |a Praha : |b Dobrovský s.r.o., |c 2024 | |
| 300 | |a 195 stran ; |c 21 cm | ||
| 336 | |a text |b txt |2 rdacontent | ||
| 337 | |a bez média |b n |2 rdamedia | ||
| 338 | |a svazek |b nc |2 rdacarrier | ||
| 490 | 1 | |a Kontrast | |
| 500 | |a Přeloženo z italštiny | ||
| 500 | |a Obálkový podnázev: moje svědectví | ||
| 520 | 2 | |a Skutečný příběh ženy, která přežila osvětimské peklo jako tříleté děvčátko. |b Lidii Maksymowicz byly tři roky, když se spolu se svojí matkou dostala do koncentračního tábora Osvětim-Březinka. A třináct měsíců v tom pekle přežila, zavřená v dětském baráku jako jeden z "pokusných králíků" doktora Josefa Mengeleho. Lidiina matka, katolička, se už na začátku války připojila k běloruskému odboji. Běloruské lesy jsou posledním světlým bodem, na který se Lidia pamatuje, než nastala osvětimská tma. Z tábora se dostane v lednu roku 1945 po osvobození ruku v ruce se ženou, která není její matkou. Lidia vyrůstá s ní, ale na svoji pravou matku nezapomíná. Nepřestává věřit, že je naživu, a hledá ji. A v příběhu, který připomíná zázrak, ji také najde. Z tábora si Lidia pamatuje mlčení: se zaťatými zuby, ve snaze přežít, bez možnosti dovolit si sebemenší projev citů. Nakladatelská anotace. Kráceno. | |
| 600 | 1 | 7 | |a Skibicka-Maksymowicz, Lidia, |d 1939- |7 xx0327397 |2 czenas |9 117531 |
| 610 | 2 | 7 | |a Birkenau (koncentrační tábor) |7 olak2003164550 |2 czenas |9 618 |
| 648 | 7 | |a 1939-1945 |7 ch460653 |2 czenas |9 52982 | |
| 650 | 0 | 7 | |a děti a válka |7 ph194679 |y 1939-1945 |2 czenas |
| 650 | 0 | 7 | |a koncentrační tábory |7 ph121782 |y 1939-1945 |z Polsko |2 czenas |
| 650 | 0 | 7 | |a holocaust (1939-1945) |7 ph117203 |2 czenas |9 1361 |
| 650 | 0 | 7 | |a přeživší holocaust |7 ph852432 |2 czenas |9 105229 |
| 650 | 0 | 7 | |a vyrovnání se s minulostí |7 ph210129 |2 czenas |
| 650 | 0 | 9 | |a children and war |y 1939-1945 |2 eczenas |
| 650 | 0 | 9 | |a concentration camps |y 1939-1945 |z Poland |2 eczenas |
| 650 | 0 | 9 | |a holocaust (1939-1945) |2 eczenas |
| 650 | 0 | 9 | |a holocaust survivors |2 eczenas |
| 650 | 0 | 9 | |a coming to terms with the past |2 eczenas |
| 655 | 7 | |a italsky psané příběhy |7 fd934982 |2 czenas |9 55137 | |
| 655 | 7 | |a autobiografické příběhy |7 fd131891 |2 czenas |9 53494 | |
| 655 | 9 | |a stories in Italian |2 eczenas | |
| 655 | 9 | |a autobiographical stories |2 eczenas | |
| 700 | 1 | |a Rodari, Paolo, |d 1973- |7 hka2014812774 |4 aut | |
| 700 | 1 | |a Matiášková, Veronika, |d 1978- |7 xx0082571 |4 trl |9 108976 | |
| 830 | 0 | |a Kontrast | |
| 910 | |a UOG502 | ||
| 942 | |2 ddc |c KN | ||
| 999 | |d 106677 | ||
| 993 | |0 0 |1 421180107401 |2 ddc |4 0 |7 0 |9 100179 |b 0 |c 107401 |d 2026-06-30 |e 0 |f DOSP |h 349.00 |i Koupě |l DOSP |r 2026-06-30 |t 6 |w 2026-06-30 |y KN |z BELET |n | ||